| 000 | 00000nam##2200000za#4500 |
| 001 | 9.579049 |
| 003 | CaOODSP |
| 005 | 20230131161133 |
| 007 | cr ||||||||||| |
| 008 | 150406|2004||||xxc|||||o f|0| 0 eng|d |
| 040 | |aCaOODSP|beng |
| 043 | |an-cn--- |
| 086 | 1 |aM48-2041AE-PDF |
| 110 | 2 |aGeological Survey of Canada. |
| 245 | 10|aGeology, Back River volcanic complex, Nunavut - Northwest Territories / |h[electronic resource]|cgeological compilation by M.B. Lambert. |
| 255 | |aScale 1:50,000 |
| 260 | |aOttawa - Ontario : |bNatural Resources Canada. |cc2004. |
| 300 | |a1p.|bcoloured map |
| 490 | 1 |a"A" series map|v2041A |
| 500 | |aAccompanies Bulletin 581, "Back River volcanic complex: an archean stratovolcano, Nunavut-Northwest Territories" (Cat. number M42-581E-PDF). |
| 590 | |a14-05-Supp|b2014-02-26 |
| 720 | 1 |aLambert, M. B. |
| 776 | 0#|tGeology, Back River volcanic complex, Nunavut - Northwest Territories / |w(CaOODSP)9.616976 |
| 830 | #0|aGeological Survey of Canada, "A" series map ;|v2041A|w(CaOODSP)9.507196 |
| 856 | 40|ahttp://publications.gc.ca|qPDF|s17.34 MB|uhttps://publications.gc.ca/Collection-R/GSC-CGC/M42E/581/a2041.pdf|y2041A |